NFL Running Backs 2025 - Statistics

General Stats
  • This quiz has been taken 274 times
  • The average score is 58 of 128
Answer Stats
Team Answer % Correct
Buffalo Bills James Cook
93%
Philadelphia Eagles Saquon Barkley
90%
Atlanta Falcons Bijan Robinson
89%
Baltimore Ravens Derrick Henry
89%
Dallas Cowboys Javonte Williams
87%
Los Angeles Rams Kyren Williams
87%
Washington Commanders Brian Robinson Jr
86%
Detroit Lions Jahmyr Gibbs
85%
Indianapolis Colts Jonathan Taylor
85%
Miami Dolphins De'Von Achane
84%
Philadelphia Eagles Avery Williams
82%
Tampa Bay Buccaneers D.J. Williams
82%
Kansas City Chiefs Isiah Pacheco
82%
New England Patriots Trayveon Williams
82%
New York Jets Breece Hall
81%
Detroit Lions David Montgomery
81%
San Francisco 49ers Christian McCaffrey
80%
Green Bay Packers Josh Jacobs
80%
Houston Texans Nick Chubb
80%
Minnesota Vikings Aaron Jones Sr
79%
New Orleans Saints Alvin Kamara
79%
San Francisco 49ers Patrick Taylor Jr
79%
Cincinnati Bengals Chase Brown
78%
Houston Texans Joe Mixon
78%
Jacksonville Jaguars Travis Etienne Jr
78%
Tampa Bay Buccaneers Bucky Irving
77%
Carolina Panthers Chuba Hubbard
77%
Seattle Seahawks Kenneth Walker III
76%
New England Patriots Rhamondre Stevenson
75%
Las Vegas Raiders Ashton Jeanty
74%
Carolina Panthers Trevor Etienne
74%
New York Giants Cam Skattebo
72%
Chicago Bears D'Andre Swift
72%
Arizona Cardinals James Conner
72%
Tennessee Titans Tony Pollard
71%
Tampa Bay Buccaneers Rachaad White
69%
New England Patriots TreVeyon Henderson
68%
New York Giants Tyrone Tracy Jr
68%
Las Vegas Raiders Zamir White
67%
Los Angeles Chargers Najee Harris
66%
Denver Broncos J.K. Dobbins
65%
Kansas City Chiefs Kareem Hunt
64%
Los Angeles Chargers Omarion Hampton
63%
Seattle Seahawks Zach Charbonnet
62%
Pittsburgh Steelers Jaylen Warren
61%
Pittsburgh Steelers Kaleb Johnson
60%
Carolina Panthers Rico Dowdle
60%
Buffalo Bills Ty Johnson
60%
Cleveland Browns Quinshon Judkins
59%
Chicago Bears Roschon Johnson
59%
Denver Broncos RJ Harvey
56%
Minnesota Vikings Jordan Mason
54%
Jacksonville Jaguars Tank Bigsby
54%
Cleveland Browns Jerome Ford
53%
Washington Commanders Austin Ekeler
52%
New York Giants Devin Singletary
52%
Buffalo Bills Ray Davis
52%
Atlanta Falcons Tyler Allgeier
52%
New York Jets Isiah Davis
49%
Las Vegas Raiders Raheem Mostert
47%
Tennessee Titans Tyjae Spears
47%
Los Angeles Rams Blake Corum
46%
New York Jets Braelon Allen
46%
Baltimore Ravens Justice Hill
46%
Pittsburgh Steelers Kenneth Gainwell
46%
Kansas City Chiefs Brashard Smith
44%
Jacksonville Jaguars LeQuint Allen Jr
44%
Arizona Cardinals Trey Benson
41%
Houston Texans Woody Marks
41%
Dallas Cowboys Miles Sanders
40%
Philadelphia Eagles AJ Dillon
38%
Dallas Cowboys Jaydon Blue
36%
Miami Dolphins Ollie Gordon II
35%
Los Angeles Chargers Kimani Vidal
33%
Cleveland Browns Dylan Sampson
32%
Philadelphia Eagles Will Shipley
32%
Jacksonville Jaguars Bhayshul Tuten
31%
Houston Texans Dameon Pierce
31%
Cincinnati Bengals Zack Moss
31%
Green Bay Packers Emanuel Wilson
30%
Cincinnati Bengals Samaje Perine
30%
Cincinnati Bengals Tahj Brooks
30%
Kansas City Chiefs Elijah Mitchell
28%
Baltimore Ravens Keaton Mitchell
28%
New England Patriots Antonio Gibson
27%
Arizona Cardinals Emari Demercado
27%
Tampa Bay Buccaneers Sean Tucker
27%
Chicago Bears Kyle Monangai
26%
San Francisco 49ers Isaac Guerendo
25%
Arizona Cardinals Michael Carter
24%
Miami Dolphins Jaylen Wright
23%
New Orleans Saints Kendre Miller
23%
San Francisco 49ers Jordan James
22%
Miami Dolphins Alexander Mattison
21%
Washington Commanders Chris Rodriguez Jr
21%
Denver Broncos Jaleel McLaughlin
19%
New Orleans Saints Cam Akers
18%
Dallas Cowboys Deuce Vaughn
18%
New Orleans Saints Devin Neal
16%
Denver Broncos Audric Estime
15%
Los Angeles Chargers Hassan Haskins
15%
Washington Commanders Jeremy McNichols
15%
Indianapolis Colts DJ Giddens
14%
Indianapolis Colts Khalil Herbert
13%
Minnesota Vikings Ty Chandler
13%
Minnesota Vikings Zavier Scott
13%
Detroit Lions Craig Reynolds
12%
Green Bay Packers MarShawn Lloyd
11%
Baltimore Ravens Rasheen Ali
11%
Indianapolis Colts Tyler Goodson
11%
Los Angeles Rams Jarquez Hunter
10%
Atlanta Falcons Carlos Washington Jr
9%
Pittsburgh Steelers Trey Sermon
9%
Cleveland Browns Pierre Strong Jr
8%
Seattle Seahawks Damien Martinez
7%
Buffalo Bills Darrynton Evans
7%
New York Giants Eric Gray
7%
Tennessee Titans Julius Chestnut
7%
Las Vegas Raiders Sincere McCormick
6%
Seattle Seahawks Kenny McIntosh
5%
Los Angeles Rams Ronnie Rivers
5%
Tennessee Titans Kalel Mullings
4%
Carolina Panthers Raheem Blackshear
4%
Chicago Bears Travis Homer
3%
Atlanta Falcons Elijah Dotson
2%
New York Jets Kene Nwangwu
2%
Green Bay Packers Chris Books
1%
Detroit Lions Jackson Meeks
0%
No matching quizzes found
Score Distribution
Percent of People with Each Score
Percentile by Number Answered
Your Score History
You have not taken this quiz